000
00320nam a22001337a 4500
008
170214b xxu||||| |||| 00| 0 eng d
020
_a
9781133442868
041
_a
eng
080
_2
1ST
_a
61
100
_a
4
101
_a
SHM
245
_a
FUNDAMENTALS FOR PRACTICE WITH HIGH RISK POPULATIONS
_c
SUMMERS
942
_2
udc
_c
BK
999
_c
5343
_d
5343